[Event "2nd Easter 4NCL Congress"]
[Site "Daventry"]
[Date "2022.04.15"]
[Round "1"]
[Board "20"]
[White "Johnson, Paul A"]
[Black "James, Russell A"]
[Result "0-1"]
[WhiteElo "1868"]
[BlackElo "2140"]
[PlyCount "0"]
[EventDate "2022.04.15"]
[EventRounds "7"]
[EventCountry "ENG"]

1. d4 {[%clk 01:30:47]} {[%emt 00:00:11]} Nf6 {[%clk 01:29:16]} {[%emt
00:01:45]} 2. c4 {[%clk 01:30:43]} {[%emt 00:00:33]} g6 {[%clk 01:29:42]}
{[%emt 00:00:06]} 3. Nc3 {[%clk 01:30:46]} {[%emt 00:00:27]} d5 {[%clk
01:30:06]} {[%emt 00:00:06]} 4. cxd5 {[%clk 01:30:29]} {[%emt 00:00:45]} Nxd5
{[%clk 01:30:16]} {[%emt 00:00:22]} 5. e4 {[%clk 01:30:32]} {[%emt 00:00:26]}
Nxc3 {[%clk 01:30:40]} {[%emt 00:00:08]} 6. bxc3 {[%clk 01:30:49]} {[%emt
00:00:12]} Bg7 {[%clk 01:31:03]} {[%emt 00:00:07]} 7. Bc4 {[%clk 01:30:32]}
{[%emt 00:00:47]} c5 {[%clk 01:31:13]} {[%emt 00:00:20]} 8. Ne2 {[%clk
01:30:22]} {[%emt 00:00:38]} Nc6 {[%clk 01:31:26]} {[%emt 00:00:18]} 9. Be3
{[%clk 01:30:14]} {[%emt 00:00:36]} O-O {[%clk 01:31:44]} {[%emt 00:00:15]} 10.
O-O {[%clk 01:29:36]} {[%emt 00:01:07]} b6 {[%clk 01:32:01]} {[%emt 00:00:13]}
11. Qd2 {[%clk 01:27:05]} {[%emt 00:03:01]} Bb7 {[%clk 01:29:21]} {[%emt
00:03:11]} 12. f3 {[%clk 01:23:51]} {[%emt 00:03:44]} Rc8 {[%clk 01:23:32]}
{[%emt 00:06:19]} 13. Rac1 {[%clk 01:22:14]} {[%emt 00:02:05]} e6 {[%clk
01:13:30]} {[%emt 00:10:33]} 14. Rfd1 {[%clk 01:18:28]} {[%emt 00:04:15]} cxd4
{[%clk 01:09:34]} {[%emt 00:04:28]} 15. cxd4 {[%clk 01:18:30]} {[%emt
00:00:27]} Qd6 {[%clk 01:07:16]} {[%emt 00:02:49]} 16. Qb2 {[%clk 01:09:52]}
{[%emt 00:09:07]} Rfd8 {[%clk 01:02:56]} {[%emt 00:04:50]} 17. a3 {[%clk
01:03:52]} {[%emt 00:06:29]} Na5 {[%clk 00:49:07]} {[%emt 00:14:20]} 18. Bd3
{[%clk 00:58:39]} {[%emt 00:05:42]} h6 {[%clk 00:44:26]} {[%emt 00:05:11]} 19.
Bf2 {[%clk 00:47:52]} {[%emt 00:11:17]} Bf8 {[%clk 00:41:21]} {[%emt 00:03:36]}
20. a4 {[%clk 00:47:14]} {[%emt 00:01:08]} Qa3 {[%clk 00:32:01]} {[%emt
00:09:50]} 21. Qxa3 {[%clk 00:43:42]} {[%emt 00:04:01]} Bxa3 {[%clk 00:30:40]}
{[%emt 00:01:52]} 22. Rxc8 {[%clk 00:43:04]} {[%emt 00:01:07]} Rxc8 {[%clk
00:28:56]} {[%emt 00:02:14]} 23. Rd2 {[%clk 00:36:19]} {[%emt 00:07:15]} Bc1
{[%clk 00:20:42]} {[%emt 00:08:45]} 24. Rc2 {[%clk 00:36:16]} {[%emt 00:00:34]}
Rxc2 {[%clk 00:20:51]} {[%emt 00:00:22]} 25. Bxc2 {[%clk 00:36:41]} {[%emt
00:00:05]} Bd2 {[%clk 00:20:35]} {[%emt 00:00:44]} 26. Ng3 {[%clk 00:31:50]}
{[%emt 00:05:23]} Nc4 {[%clk 00:16:54]} {[%emt 00:04:11]} 27. Nf1 {[%clk
00:27:34]} {[%emt 00:04:45]} Bc3 {[%clk 00:16:37]} {[%emt 00:00:46]} 28. Bb3
{[%clk 00:26:20]} {[%emt 00:01:44]} Na5 {[%clk 00:13:27]} {[%emt 00:03:40]} 29.
Bc2 {[%clk 00:23:30]} {[%emt 00:03:21]} Nc6 {[%clk 00:13:01]} {[%emt 00:00:56]}
30. d5 {[%clk 00:23:15]} {[%emt 00:00:45]} Nd4 {[%clk 00:10:27]} {[%emt
00:03:05]} 31. Bd1 {[%clk 00:17:22]} {[%emt 00:06:23]} exd5 {[%clk 00:10:26]}
{[%emt 00:00:30]} 32. exd5 {[%clk 00:17:27]} {[%emt 00:00:25]} Bxd5 {[%clk
00:10:18]} {[%emt 00:00:38]} 33. Ne3 {[%clk 00:17:36]} {[%emt 00:00:22]} Be6
{[%clk 00:08:14]} {[%emt 00:02:33]} 34. Ng4 {[%clk 00:15:47]} {[%emt 00:02:20]}
Nf5 {[%clk 00:06:43]} {[%emt 00:02:01]} 35. Bc2 {[%clk 00:13:07]} {[%emt
00:03:09]} Kg7 {[%clk 00:06:35]} {[%emt 00:00:37]} 36. Ne3 {[%clk 00:11:33]}
{[%emt 00:02:06]} Nxe3 {[%clk 00:04:10]} {[%emt 00:02:55]} 37. Bxe3 {[%clk
00:11:57]} {[%emt 00:00:05]} Bb4 {[%clk 00:04:17]} {[%emt 00:00:23]} 38. Bd4+
{[%clk 00:11:17]} {[%emt 00:01:09]} f6 {[%clk 00:03:34]} {[%emt 00:01:14]} 39.
Kf2 {[%clk 00:11:16]} {[%emt 00:00:31]} Bc5 {[%clk 00:03:25]} {[%emt 00:00:40]}
40. Ke3 {[%clk 00:11:19]} {[%emt 00:00:27]} Bxd4+ {[%clk 00:02:45]} {[%emt
00:01:11]} 41. Kxd4 {[%clk 00:11:42]} {[%emt 00:00:06]} g5 {[%clk 00:02:07]}
{[%emt 00:01:07]} 42. Bd3 {[%clk 00:10:38]} {[%emt 00:01:35]} Kf8 {[%clk
00:01:48]} {[%emt 00:00:50]} 43. g3 {[%clk 00:10:00]} {[%emt 00:01:07]} Ke7
{[%clk 00:02:05]} {[%emt 00:00:13]} 44. h4 {[%clk 00:08:02]} {[%emt 00:02:27]}
Kd6 {[%clk 00:01:48]} {[%emt 00:00:47]} 45. hxg5 {[%clk 00:06:54]} {[%emt
00:01:38]} fxg5 {[%clk 00:01:44]} {[%emt 00:00:34]} 46. f4 {[%clk 00:06:41]}
{[%emt 00:00:43]} gxf4 {[%clk 00:01:58]} {[%emt 00:00:17]} 47. gxf4 {[%clk
00:07:00]} {[%emt 00:00:12]} Bd7 {[%clk 00:02:06]} {[%emt 00:00:22]} 48. Bc2
{[%clk 00:05:03]} {[%emt 00:02:27]} Ke6 {[%clk 00:01:56]} {[%emt 00:00:39]} 49.
Ke4 {[%clk 00:03:42]} {[%emt 00:01:51]} Bc6+ {[%clk 00:02:08]} {[%emt
00:00:18]} 50. Ke3 {[%clk 00:03:52]} {[%emt 00:00:20]} h5 {[%clk 00:01:45]}
{[%emt 00:00:52]} 51. Kf2 {[%clk 00:01:36]} {[%emt 00:02:47]} h4 {[%clk
00:01:59]} {[%emt 00:00:15]} 52. Kg1 {[%clk 00:01:53]} {[%emt 00:00:13]} Kf6
{[%clk 00:02:01]} {[%emt 00:00:28]} 53. Kh2 {[%clk 00:02:10]} {[%emt 00:00:13]}
Bd7 {[%clk 00:02:21]} {[%emt 00:00:09]} 54. Kg2 {[%clk 00:02:05]} {[%emt
00:00:35]} Bf5 {[%clk 00:02:26]} {[%emt 00:00:26]} 55. Bd1 {[%clk 00:01:53]}
{[%emt 00:00:42]} Ke6 {[%clk 00:02:30]} {[%emt 00:00:24]} 56. Bb3+ {[%clk
00:01:41]} {[%emt 00:00:44]} Kd6 {[%clk 00:02:53]} {[%emt 00:00:05]} 57. Bc4
{[%clk 00:01:17]} {[%emt 00:00:55]} Kc5 {[%clk 00:03:16]} {[%emt 00:00:06]} 58.
Bb5 {[%clk 00:01:30]} {[%emt 00:00:17]} Kd4 {[%clk 00:03:26]} {[%emt 00:00:20]}
59. Kf3 {[%clk 00:01:28]} {[%emt 00:00:32]} Kd5 {[%clk 00:03:29]} {[%emt
00:00:26]} 60. Be8 {[%clk 00:01:03]} {[%emt 00:00:56]} a6 {[%clk 00:02:59]}
{[%emt 00:01:00]} 61. Ke3 {[%clk 00:00:41]} {[%emt 00:00:53]} Kc5 {[%clk
00:02:59]} {[%emt 00:00:29]} 62. Bh5 {[%clk 00:00:44]} {[%emt 00:00:28]} Kb4
{[%clk 00:02:47]} {[%emt 00:00:41]} 63. Be8 {[%clk 00:00:58]} {[%emt 00:00:17]}
Kc3 {[%clk 00:02:48]} {[%emt 00:00:28]} 64. Bc6 {[%clk 00:01:02]} {[%emt
00:00:26]} h3 {[%clk 00:02:04]} {[%emt 00:01:14]} 65. Kf3 {[%clk 00:01:27]}
{[%emt 00:00:05]} Kd4 {[%clk 00:02:11]} {[%emt 00:00:22]} 66. Kg3 {[%clk
00:00:48]} {[%emt 00:01:09]} Ke3 {[%clk 00:02:05]} {[%emt 00:00:36]} 67. Be8
{[%clk 00:00:43]} {[%emt 00:00:36]} h2 {[%clk 00:00:47]} {[%emt 00:01:48]} 68.
Kxh2 {[%clk 00:00:57]} {[%emt 00:00:16]} Kxf4 {[%clk 00:01:09]} {[%emt
00:00:08]} 69. Kg2 {[%clk 00:01:15]} {[%emt 00:00:12]} Ke3 {[%clk 00:01:27]}
{[%emt 00:00:12]} 70. Kf1 {[%clk 00:01:29]} {[%emt 00:00:16]} Kd2 {[%clk
00:01:49]} {[%emt 00:00:07]} 71. Kf2 {[%clk 00:01:28]} {[%emt 00:00:32]} Kc3
{[%clk 00:01:38]} {[%emt 00:00:41]} 72. Ke3 {[%clk 00:01:48]} {[%emt 00:00:09]}
a5 {[%clk 00:01:39]} {[%emt 00:00:29]} 73. Kf4 {[%clk 00:01:09]} {[%emt
00:01:09]} Bc2 {[%clk 00:01:50]} {[%emt 00:00:19]} 74. Ke5 {[%clk 00:01:21]}
{[%emt 00:00:18]} Kb4 {[%clk 00:02:03]} {[%emt 00:00:17]} 75. Kd6 {[%clk
00:00:50]} {[%emt 00:01:01]} Bxa4 {[%clk 00:02:13]} {[%emt 00:00:20]} 76. Bh5
{[%clk 00:00:38]} {[%emt 00:00:41]} Bb3 {[%clk 00:02:19]} {[%emt 00:00:24]}  0-1

[Event "2nd Easter 4NCL Congress"]
[Site "Daventry"]
[Date "2022.04.15"]
[Round "1"]
[Board "23"]
[White "White, Stuart A"]
[Black "Li, Ethan Bingxuan"]
[Result "1-0"]
[WhiteElo "2097"]
[BlackElo "1851"]
[PlyCount "0"]
[EventDate "2022.04.15"]
[EventRounds "7"]
[EventCountry "ENG"]

1. d4 {[%clk 01:30:58]} {[%emt 00:00:02]} Nf6 {[%clk 01:30:55]} {[%emt
00:00:05]} 2. c4 {[%clk 01:31:24]} {[%emt 00:00:03]} g6 {[%clk 01:31:20]}
{[%emt 00:00:05]} 3. Nc3 {[%clk 01:31:50]} {[%emt 00:00:05]} Bg7 {[%clk
01:31:44]} {[%emt 00:00:06]} 4. e4 {[%clk 01:32:14]} {[%emt 00:00:06]} d6
{[%clk 01:32:07]} {[%emt 00:00:07]} 5. h3 {[%clk 01:32:39]} {[%emt 00:00:04]}
O-O {[%clk 01:32:09]} {[%emt 00:00:28]} 6. Be3 {[%clk 01:33:05]} {[%emt
00:00:04]} c5 {[%clk 01:29:33]} {[%emt 00:03:07]} 7. Nf3 {[%clk 01:32:32]}
{[%emt 00:01:04]} Nc6 {[%clk 01:25:41]} {[%emt 00:04:22]} 8. d5 {[%clk
01:29:13]} {[%emt 00:03:49]} Nb4 {[%clk 01:25:48]} {[%emt 00:00:22]} 9. Be2
{[%clk 01:27:36]} {[%emt 00:02:07]} e6 {[%clk 01:25:38]} {[%emt 00:00:42]} 10.
a3 {[%clk 01:23:06]} {[%emt 00:05:00]} Na6 {[%clk 01:25:51]} {[%emt 00:00:17]}
11. O-O {[%clk 01:23:03]} {[%emt 00:00:34]} exd5 {[%clk 01:25:43]} {[%emt
00:00:37]} 12. exd5 {[%clk 01:19:42]} {[%emt 00:03:51]} Re8 {[%clk 01:24:58]}
{[%emt 00:01:15]} 13. Bg5 {[%clk 01:13:52]} {[%emt 00:06:17]} Bf5 {[%clk
01:23:38]} {[%emt 00:01:52]} 14. g4 {[%clk 01:02:42]} {[%emt 00:11:41]} Bd7
{[%clk 01:16:21]} {[%emt 00:07:47]} 15. Qd2 {[%clk 00:58:22]} {[%emt 00:04:50]}
Qb6 {[%clk 01:15:33]} {[%emt 00:01:18]} 16. Bd3 {[%clk 00:48:54]} {[%emt
00:09:58]} Nc7 {[%clk 01:07:18]} {[%emt 00:08:46]} 17. Qf4 {[%clk 00:47:25]}
{[%emt 00:01:59]} Ne6 {[%clk 00:53:54]} {[%emt 00:13:54]} 18. dxe6 {[%clk
00:46:56]} {[%emt 00:00:58]} Rxe6 {[%clk 00:54:12]} {[%emt 00:00:12]} 19. Nd5
{[%clk 00:44:20]} {[%emt 00:03:06]} Nxd5 {[%clk 00:50:59]} {[%emt 00:03:43]} 20.
cxd5 {[%clk 00:44:44]} {[%emt 00:00:06]} Ree8 {[%clk 00:50:59]} {[%emt
00:00:31]} 21. Bf6 {[%clk 00:43:52]} {[%emt 00:01:21]} Qb3 {[%clk 00:49:42]}
{[%emt 00:01:47]} 22. Bc4 {[%clk 00:36:18]} {[%emt 00:08:04]} Qc2 {[%clk
00:47:58]} {[%emt 00:02:14]} 23. Rac1 {[%clk 00:36:03]} {[%emt 00:00:44]} Re4
{[%clk 00:47:11]} {[%emt 00:01:18]} 24. Qxd6 {[%clk 00:33:51]} {[%emt
00:02:42]} Qa4 {[%clk 00:45:26]} {[%emt 00:02:15]} 25. b3 {[%clk 00:32:56]}
{[%emt 00:01:25]} Bf8 {[%clk 00:44:46]} {[%emt 00:01:10]} 26. Qc7 {[%clk
00:27:10]} {[%emt 00:06:16]} Qxa3 {[%clk 00:44:50]} {[%emt 00:00:26]} 27. Qxd7
{[%clk 00:27:18]} {[%emt 00:00:23]} Rf4 {[%clk 00:44:56]} {[%emt 00:00:24]} 28.
g5 {[%clk 00:21:41]} {[%emt 00:06:06]} Rxf3 {[%clk 00:44:00]} {[%emt 00:01:26]}
29. d6 {[%clk 00:22:02]} {[%emt 00:00:09]} Rxf6 {[%clk 00:44:01]} {[%emt
00:00:29]} 30. gxf6 {[%clk 00:22:22]} {[%emt 00:00:10]} Bh6 {[%clk 00:44:14]}
{[%emt 00:00:17]} 31. Qxf7+ {[%clk 00:22:34]} {[%emt 00:00:18]} Kh8 {[%clk
00:44:41]} {[%emt 00:00:04]} 32. Rce1 {[%clk 00:22:25]} {[%emt 00:00:39]} Rf8
{[%clk 00:45:02]} {[%emt 00:00:09]} 33. Re8 {[%emt 00:00:22]}  1-0

[Event "2nd Easter 4NCL Congress"]
[Site "Daventry"]
[Date "2022.04.15"]
[Round "1"]
[Board "24"]
[White "Shenbagakumar, Gautham"]
[Black "Chan, Sheng Liang Bernard"]
[Result "1/2-1/2"]
[WhiteElo "1842"]
[BlackElo "2086"]
[PlyCount "0"]
[EventDate "2022.04.15"]
[EventRounds "7"]
[EventCountry "ENG"]

1. e4 {[%clk 01:30:58]} {[%emt 00:00:01]} c5 {[%clk 01:30:48]} {[%emt
00:00:12]} 2. Nf3 {[%clk 01:31:20]} {[%emt 00:00:08]} d6 {[%clk 01:31:10]}
{[%emt 00:00:08]} 3. d4 {[%clk 01:31:45]} {[%emt 00:00:06]} cxd4 {[%clk
01:31:33]} {[%emt 00:00:07]} 4. Nxd4 {[%clk 01:32:10]} {[%emt 00:00:05]} Nf6
{[%clk 01:31:55]} {[%emt 00:00:08]} 5. Nc3 {[%clk 01:32:35]} {[%emt 00:00:05]}
g6 {[%clk 01:32:18]} {[%emt 00:00:06]} 6. Be2 {[%clk 01:32:40]} {[%emt
00:00:26]} Bg7 {[%clk 01:32:40]} {[%emt 00:00:07]} 7. Be3 {[%clk 01:33:06]}
{[%emt 00:00:05]} O-O {[%clk 01:32:21]} {[%emt 00:00:48]} 8. O-O {[%clk
01:32:26]} {[%emt 00:01:10]} Nc6 {[%clk 01:32:44]} {[%emt 00:00:08]} 9. h3
{[%clk 01:30:33]} {[%emt 00:02:23]} Nxd4 {[%clk 01:27:30]} {[%emt 00:05:43]} 10.
Bxd4 {[%clk 01:30:55]} {[%emt 00:00:08]} Be6 {[%clk 01:27:55]} {[%emt
00:00:05]} 11. Qd2 {[%clk 01:16:58]} {[%emt 00:14:27]} a6 {[%clk 01:26:39]}
{[%emt 00:01:46]} 12. a4 {[%clk 01:13:17]} {[%emt 00:04:11]} Rc8 {[%clk
01:25:36]} {[%emt 00:01:34]} 13. Rfd1 {[%clk 01:01:48]} {[%emt 00:11:59]} Bc4
{[%clk 01:19:10]} {[%emt 00:06:56]} 14. Bf3 {[%clk 00:41:53]} {[%emt 00:20:24]}
Qc7 {[%clk 01:17:47]} {[%emt 00:01:53]} 15. a5 {[%clk 00:37:24]} {[%emt
00:05:00]} Nd7 {[%clk 01:11:10]} {[%emt 00:07:09]} 16. Bxg7 {[%clk 00:26:35]}
{[%emt 00:11:17]} Kxg7 {[%clk 01:11:32]} {[%emt 00:00:08]} 17. Bg4 {[%clk
00:22:52]} {[%emt 00:04:13]} Be6 {[%clk 01:10:00]} {[%emt 00:02:02]} 18. f4
{[%clk 00:16:14]} {[%emt 00:07:07]} Qc5+ {[%clk 00:59:32]} {[%emt 00:10:59]} 19.
Qd4+ {[%clk 00:14:04]} {[%emt 00:02:40]} Nf6 {[%clk 00:56:44]} {[%emt
00:03:17]} 20. Bf3 {[%clk 00:13:57]} {[%emt 00:00:37]} Qxd4+ {[%clk 00:48:31]}
{[%emt 00:08:43]} 21. Rxd4 {[%clk 00:14:26]} {[%emt 00:00:02]} Rc4 {[%clk
00:48:26]} {[%emt 00:00:35]} 22. Rxc4 {[%clk 00:11:28]} {[%emt 00:03:29]} Bxc4
{[%clk 00:48:53]} {[%emt 00:00:02]} 23. Rd1 {[%clk 00:11:48]} {[%emt 00:00:09]}
Nh5 {[%clk 00:34:34]} {[%emt 00:14:49]} 24. Rd4 {[%clk 00:11:06]} {[%emt
00:01:13]} Rc8 {[%clk 00:34:07]} {[%emt 00:00:56]} 25. e5 {[%clk 00:11:23]}
{[%emt 00:00:13]} dxe5 {[%clk 00:25:47]} {[%emt 00:08:49]} 26. fxe5 {[%clk
00:11:48]} {[%emt 00:00:06]} Ng3 {[%clk 00:26:13]} {[%emt 00:00:04]} 27. Bxb7
{[%clk 00:07:08]} {[%emt 00:05:10]} Rc7 {[%clk 00:23:48]} {[%emt 00:02:54]} 28.
Bd5 {[%clk 00:04:33]} {[%emt 00:03:05]} Bxd5 {[%clk 00:16:30]} {[%emt
00:07:49]} 29. Rxd5 {[%clk 00:04:56]} {[%emt 00:00:07]} Nf5 {[%clk 00:16:48]}
{[%emt 00:00:11]} 30. Kf2 {[%clk 00:03:08]} {[%emt 00:02:18]} e6 {[%clk
00:16:22]} {[%emt 00:00:56]} 31. Rd8 {[%clk 00:02:40]} {[%emt 00:00:59]} Rc5
{[%clk 00:15:47]} {[%emt 00:01:05]} 32. g4 {[%clk 00:02:32]} {[%emt 00:00:37]}
Ne7 {[%clk 00:14:24]} {[%emt 00:01:54]} 33. Rd7 {[%clk 00:02:21]} {[%emt
00:00:41]} Kf8 {[%clk 00:12:11]} {[%emt 00:02:44]} 34. Rd8+ {[%clk 00:02:45]}
{[%emt 00:00:06]} Kg7 {[%clk 00:12:33]} {[%emt 00:00:07]} 35. Rd7 {[%clk
00:03:13]} {[%emt 00:00:02]} Ng8 {[%clk 00:08:32]} {[%emt 00:04:30]} 36. Kf3
{[%clk 00:03:08]} {[%emt 00:00:36]} Rxa5 {[%clk 00:08:14]} {[%emt 00:00:48]} 37.
Ke4 {[%clk 00:02:52]} {[%emt 00:00:45]} Ra1 {[%clk 00:07:26]} {[%emt 00:01:18]}
38. Rd1 {[%clk 00:02:55]} {[%emt 00:00:28]} Ra5 {[%clk 00:07:23]} {[%emt
00:00:33]} 39. Rd7 {[%clk 00:03:23]} {[%emt 00:00:02]} g5 {[%clk 00:04:56]}
{[%emt 00:02:56]} 40. Rd1 {[%clk 00:01:15]} {[%emt 00:02:38]} Ne7 {[%clk
00:04:55]} {[%emt 00:00:32]} 41. Re1 {[%clk 00:00:58]} {[%emt 00:00:46]} Nc6
{[%clk 00:04:55]} {[%emt 00:00:30]} 42. Kd3 {[%clk 00:00:49]} {[%emt 00:00:40]}
Nxe5+ {[%clk 00:05:15]} {[%emt 00:00:10]} 43. Ke4 {[%clk 00:01:09]} {[%emt
00:00:10]} f5+ {[%clk 00:03:43]} {[%emt 00:02:02]} 44. gxf5 {[%clk 00:00:44]}
{[%emt 00:00:55]} exf5+ {[%clk 00:04:06]} {[%emt 00:00:06]} 45. Ke3 {[%clk
00:01:09]} {[%emt 00:00:04]} Kf6 {[%clk 00:02:48]} {[%emt 00:01:48]} 46. Rf1
{[%clk 00:01:16]} {[%emt 00:00:24]} Nc4+ {[%clk 00:02:32]} {[%emt 00:00:47]} 47.
Kd4 {[%clk 00:01:38]} {[%emt 00:00:08]} Nd6 {[%clk 00:02:41]} {[%emt 00:00:20]}
48. Nd5+ {[%clk 00:01:12]} {[%emt 00:00:56]} Kg6 {[%clk 00:02:21]} {[%emt
00:00:50]} 49. c4 {[%clk 00:01:09]} {[%emt 00:00:33]} f4 {[%clk 00:01:26]}
{[%emt 00:01:25]} 50. h4 {[%clk 00:00:49]} {[%emt 00:00:50]} h6 {[%clk
00:01:56]} 51. hxg5 {[%clk 00:01:11]} {[%emt 00:00:08]} hxg5 {[%clk 00:02:20]}
{[%emt 00:00:06]} 52. Nxf4+ {[%clk 00:00:43]} {[%emt 00:00:59]} gxf4 {[%clk
00:02:15]} {[%emt 00:00:35]} 53. Rxf4 {[%clk 00:01:11]} {[%emt 00:00:02]} Nf5+
{[%clk 00:01:16]} {[%emt 00:01:29]} 54. Kc3 {[%clk 00:01:24]} {[%emt 00:00:18]}
Kf6 {[%clk 00:01:18]} {[%emt 00:00:26]} 55. Rf1 {[%clk 00:00:39]} {[%emt
00:01:17]} Ke6 {[%clk 00:01:23]} {[%emt 00:00:24]} 56. Re1+ {[%clk 00:01:05]}
{[%emt 00:00:04]} Kd6 {[%clk 00:01:25]} {[%emt 00:00:28]} 57. Rd1+ {[%clk
00:01:29]} {[%emt 00:00:07]} Kc7 {[%clk 00:01:29]} {[%emt 00:00:26]} 58. Rg1
{[%clk 00:01:30]} {[%emt 00:00:27]} Re5 {[%clk 00:01:51]} {[%emt 00:00:09]} 59.
Rd1 {[%clk 00:01:28]} {[%emt 00:00:33]} Kc6 {[%clk 00:01:45]} {[%emt 00:00:35]}
60. b3 {[%clk 00:00:42]} {[%emt 00:01:16]} a5 {[%clk 00:01:57]} {[%emt
00:00:18]} 61. Rd2 {[%clk 00:00:34]} {[%emt 00:00:38]} Re3+ {[%clk 00:01:42]}
{[%emt 00:00:45]} 62. Kb2 {[%clk 00:00:39]} {[%emt 00:00:25]} Re5 {[%clk
00:01:55]} {[%emt 00:00:16]} 63. Kc3 {[%clk 00:01:07]} {[%emt 00:00:03]} Re3+
{[%clk 00:01:35]} {[%emt 00:00:50]} 64. Kb2 {[%clk 00:01:34]} {[%emt 00:00:03]}
Re5 {[%clk 00:01:46]} {[%emt 00:00:19]} 65. Kc3 {[%clk 00:02:02]} {[%emt
00:00:02]} Kc5 {[%clk 00:02:03]} {[%emt 00:00:12]} 66. Ra2 {[%clk 00:01:40]}
{[%emt 00:00:52]} Kb6 {[%clk 00:01:08]} {[%emt 00:01:26]} 67. Rd2 {[%clk
00:01:47]} {[%emt 00:00:21]} Ne7 {[%clk 00:00:56]} {[%emt 00:00:43]} 68. Rd6+
{[%clk 00:01:05]} {[%emt 00:01:12]} Nc6 {[%clk 00:01:12]} {[%emt 00:00:15]} 69.
Rd5 {[%clk 00:00:57]} {[%emt 00:00:37]} Re3+ {[%clk 00:00:54]} {[%emt
00:00:48]} 70. Kb2 {[%clk 00:01:01]} {[%emt 00:00:26]} Re2+ {[%clk 00:00:34]}
{[%emt 00:00:50]} 71. Kc3 {[%clk 00:01:09]} {[%emt 00:00:20]} Nb4 {[%clk
00:00:57]} {[%emt 00:00:10]} 72. Rb5+ {[%clk 00:00:59]} {[%emt 00:00:40]} Kc7
{[%clk 00:00:53]} {[%emt 00:00:33]} 73. Rxa5 {[%clk 00:01:16]} {[%emt
00:00:14]} Nc6 {[%clk 00:00:46]} {[%emt 00:00:37]} 74. Rd5 {[%clk 00:01:25]}
{[%emt 00:00:17]} Kb6 {[%clk 00:00:59]} {[%emt 00:00:21]} 75. Rb5+ {[%clk
00:01:16]} {[%emt 00:00:39]} Kc7 {[%clk 00:01:18]} {[%emt 00:00:11]} 76. Rd5
{[%clk 00:01:28]} {[%emt 00:00:17]} Kb6 {[%clk 00:01:32]} {[%emt 00:00:16]} 77.
Rb5+ {[%clk 00:01:55]} {[%emt 00:00:04]} Kc7 {[%clk 00:01:55]} {[%emt
00:00:06]} 78. Rd5 {[%clk 00:02:21]} {[%emt 00:00:03]} Re3+ {[%clk 00:02:12]}
{[%emt 00:00:13]} 79. Rd3 {[%clk 00:02:45]} {[%emt 00:00:06]} Re1 {[%clk
00:02:28]} {[%emt 00:00:15]} 80. Rd5 {[%clk 00:02:07]} {[%emt 00:01:07]} Rc1+
{[%clk 00:02:46]} {[%emt 00:00:12]} 81. Kb2 {[%clk 00:02:33]} {[%emt 00:00:05]}
Rh1 {[%clk 00:02:58]} {[%emt 00:00:18]} 82. Kc3 {[%clk 00:02:58]} {[%emt
00:00:06]} Rh2 {[%clk 00:02:54]} {[%emt 00:00:34]} 83. Rd2 {[%clk 00:03:20]}
{[%emt 00:00:08]} Rh4 {[%clk 00:03:11]} {[%emt 00:00:13]} 84. Rd5 {[%clk
00:03:38]} {[%emt 00:00:11]} Kb6 {[%clk 00:03:15]} {[%emt 00:00:27]} 85. Rb5+
{[%clk 00:04:03]} {[%emt 00:00:06]} Ka6 {[%clk 00:03:32]} {[%emt 00:00:12]} 86.
Rd5 {[%clk 00:04:14]} {[%emt 00:00:19]} Rg4 {[%clk 00:03:31]} {[%emt 00:00:32]}
87. Rd6 {[%clk 00:04:14]} {[%emt 00:00:30]} Kb7 {[%clk 00:03:32]} {[%emt
00:00:29]} 88. Rd7+ {[%clk 00:04:06]} {[%emt 00:00:37]} Kb6 {[%clk 00:03:50]}
{[%emt 00:00:11]} 89. Rd5 {[%clk 00:04:30]} {[%emt 00:00:07]} Rf4 {[%clk
00:03:18]} {[%emt 00:01:02]} 90. Rb5+ {[%clk 00:04:54]} {[%emt 00:00:07]} Ka6
{[%clk 00:03:33]} {[%emt 00:00:15]} 91. Rd5 {[%clk 00:05:00]} {[%emt 00:00:24]}
Rf6 {[%clk 00:03:34]} {[%emt 00:00:27]} 92. b4 {[%clk 00:03:54]} {[%emt
00:01:38]} Rf3+ {[%clk 00:03:39]} {[%emt 00:00:25]} 93. Rd3 {[%clk 00:04:19]}
{[%emt 00:00:05]} Rxd3+ {[%clk 00:03:57]} {[%emt 00:00:12]} 94. Kxd3 {[%clk
00:04:47]} {[%emt 00:00:02]} Nxb4+ {[%clk 00:04:15]} {[%emt 00:00:13]} 95. Kc3
{[%clk 00:05:14]} {[%emt 00:00:04]} Ka5 {[%clk 00:04:37]} {[%emt 00:00:08]} 96.
Kd4 {[%clk 00:05:37]} {[%emt 00:00:07]}  1/2-1/2